000
00484nam a2200145Ia 4500
008
100122s9999 xx 000 0 und d
082
_b
4887
_a
823.08
100
_a
देशपांडे माधव का.
245
_a
प्रो फडके वाडमय दर्शन
260
_c
1924
300
_a
50
630
_a
प्रो फडके वाडमय दर्शन
730
_a
प्रो फडके वाडमय दर्शन
942
_c
BOOK
999
_c
398337
_d
398334